000 00896nam a2200241 i 4500
001 24762
003 ES-MaACL
005 20251005063033.0
007 t|
008 021218m19411947sp ||||1| spa d
100 1 _aAnglés, Higinio,
_d1888-1969
_921747
245 1 3 _aLa música en la corte de los Reyes Católicos /
_cpor Higinio Anglés.
260 _aMadrid :
_bInstituto Diego Velázquez,
_c1941-1947 (
_eBarcelona :
_fCasa Provincial de Caridad)
300 _a2 v. :
_bil. ;
_c32 cm.
505 8 _aContiene: 1. Polifonía religiosa -- 2. Cancionero musical de Palacio: (siglos XV-XVI)
650 4 _aMúsica española-
_yS.XV.
_9170304
650 4 _aMúsica española-
_yS.XVI.
_9159099
650 4 _aCoros religiosos.
_9167477
650 4 _aCoros profanos.
_9170305
710 2 _aInstituto Diego Velázquez.
_95021
852 _aES-MaACL
_jC-55014-15
999 _c24762
_d24762